00860nam a2200241Ia 4500001000600000003000900006008004100015040001300056040001300069041001300082100001700095100002900112245005300141245005500194250001100249260001000260260000900270260004900279300005700328500015900385650004300544650003100587H3516IT-RoPAU130308s9999 xx 000 0 und d aIT-RoPAU cIT-RoPAU aFRANCESE aGritti Jules gCodice Aut. SPICS: 5792 aRumeurs et medias: interferences et debordements bOies Du capitole Ou Les raisons de la rumeur (Les) a1a ed. aPARIS bCNRS c1999 [1° Ed.:1999 - Ed.Ling.Originale:1999] a"8 p. (prefazione: no ; testo: 8 [pagine: 149-156])" aDicerie e Media: Interferenze e Invasioni. Ritardi e Pregiudizi. Diversità di Rapporti tra Media e Dicerie. I Media fanno pure da supporto Alle Dicerie. aSOCIOLOGIA DELLA COMUNICAZIONE SOCIALE eCodice materia Spics: 3806